Frequently asked questions (Record no. 112599)

MARC details
000 -LEADER
fixed length control field 01032cad a22002295a 4500
001 - CONTROL NUMBER
control field E153589
008 - FIXED-LENGTH DATA ELEMENTS--GENERAL INFORMATION
fixed length control field 110808e20110804xxkb f s000 0 eng d
035 ## - SYSTEM CONTROL NUMBER
System control number (Sirsi) u153589
041 0# - LANGUAGE CODE
Language code of text/sound track or separate title eng
100 1# - MAIN ENTRY--PERSONAL NAME
Personal name Hough, Richard
245 04 - TITLE STATEMENT
Title Frequently asked questions
Remainder of title factoring and maintenance of common property
Medium [electronic resource]
260 ## - PUBLICATION, DISTRIBUTION, ETC.
Place of publication, distribution, etc. Edinburgh
Name of publisher, distributor, etc. Scottish Parliament
Date of publication, distribution, etc. 2011
490 #0 - SERIES STATEMENT
Series statement SPICe Briefing
Volume/sequential designation (11/56) 4 August 2011
520 ## - SUMMARY, ETC.
Summary, etc. Provides answers to common questions relating to communal areas and property factors, including obtaining payment from owners, how to deal with unsatisfactory property factors, and the effect the Property Factors (Scotland) Act 2011.
521 ## - TARGET AUDIENCE NOTE
Target audience note Advanced
590 ## - LOCAL NOTE (RLIN)
Local note KA
650 24 - SUBJECT ADDED ENTRY--TOPICAL TERM
Topical term or geographic name entry element PROPERTY FACTORS (SCOTLAND) ACT 2011
651 #4 - SUBJECT ADDED ENTRY--GEOGRAPHIC NAME
Geographic name Scotland
Chronological subdivision 1999-
690 ## - LOCAL SUBJECT ADDED ENTRY--TOPICAL TERM (OCLC, RLIN)
Topical term or geographic name as entry element PROPERTY-LANDLORD AND TENANT
856 40 - ELECTRONIC LOCATION AND ACCESS
Uniform Resource Identifier <a href="https://www.scottish.parliament.uk/business/research/briefings-11/SB11-56.pdf">https://www.scottish.parliament.uk/business/research/briefings-11/SB11-56.pdf</a>
Public note View the briefing free of charge at www.scottish.parliament.uk
942 ## - ADDED ENTRY ELEMENTS (KOHA)
Suppress in OPAC 0
Holdings
Withdrawn status Lost status Source of classification or shelving scheme Damaged status Not for loan Home library Current library Shelving location Date acquired Total Checkouts Full call number Barcode Date last seen Copy number Price effective from Koha item type
    Dewey Decimal Classification     Virtual Virtual Online 08/08/2011   ONLINE PUBLICATION 153589-1001 06/08/2019 1 06/08/2019 Book